| 000 | 01191nam a22003857a 4500 | ||
|---|---|---|---|
| 001 | 000765 | ||
| 003 | DO-SdBNP | ||
| 005 | 20180212152532.0 | ||
| 007 | 000765 | ||
| 008 | 161129b 1990 sp a ||||| |||| 00| 0 spa d | ||
| 016 | 7 | _a | |
| 017 |
_a _b |
||
| 020 | _a8434816210 | ||
| 035 | _a | ||
| 040 |
_aBPMSU _bspa _cBPMSU _e |
||
| 041 | 1 |
_aspa _h eng |
|
| 080 | _a | ||
| 082 |
_axxxx _bxxxx |
||
| 100 | 1 | _aJanosch | |
| 240 | 1 | 2 |
_aHannes Strohkopp und der unsichtbare Indianer. _lEspañol |
| 245 | 1 | 3 |
_aJuan Chorlito y el indio invisible / _cJanosch ; traducción del alemán, Marinella Terzi ; ilustraciones, Janosch. _h |
| 250 | _a9ª ed. | ||
| 260 |
_aMadrid: _bSM, _c1990. |
||
| 300 |
_a89 p. : _bil. ; _c19 cm. |
||
| 490 | 1 |
_aEl barco de vapor. Serie azul _v18 |
|
| 490 | 1 |
_aEl barco de vapor _v84 |
|
| 500 | _aPara niños a partir de 7 años | ||
| 500 | _aTraducción de: Strohkopp und der unsichtbare Indianer | ||
| 700 | 1 | 2 |
_aTerzi, Marinella, _etr. _q |
| 830 | 0 |
_aEl barco de vapor. Serie azul ; _v18 |
|
| 830 | 0 |
_aEl barco de vapor ; _v84 |
|
| 942 |
_2ddc _cBK |
||
| 945 | _aInventariado, 2018 / BT | ||
| 956 |
_aVMATEO _210 _320161129 _6BPMSU _800041 |
||
| 999 |
_c12161 _d12161 |
||